| Tag |
First Indicator |
Second Indicator |
Subfields |
| LEADER |
00000cam a2200000Ka 4500 |
| 001 |
in00002432713 |
| 005 |
20151109185300.0 |
| 008 |
081020s2008 nyua b 101 0 eng d |
| 020 |
|
|
|a 0735405816
|
| 020 |
|
|
|a 9780735405813
|
| 035 |
|
|
|a (OCoLC)ocn262894320
|
| 035 |
|
|
|a (OCoLC)262894320
|
| 040 |
|
|
|a BTCTA
|c BTCTA
|d YDXCP
|d NTE
|d CGU
|d TXA
|d UtOrBLW
|
| 049 |
|
|
|a TXAM
|
| 090 |
|
|
|a TK1007
|b .I55 2008
|
| 111 |
2 |
|
|a International Conference on Power Control and Optimization.
|
| 245 |
1 |
0 |
|a International conference on power control and optimization :
|b innovation in power control for optimal industry : Chiang Mai, Thailand 18-20 July 2008 /
|c editors, Nader Barsoum, Sermsak Uatrongjit, Pandian Vasant.
|
| 246 |
3 |
0 |
|a Innovation in power control for optimal industry
|
| 246 |
3 |
|
|a PCO-08
|
| 264 |
|
1 |
|a Melville, N.Y. :
|b American Institute of Physics,
|c [2008]
|
| 264 |
|
4 |
|c ©2008
|
| 300 |
|
|
|a xvi, 334 pages :
|b illustrations ;
|c 28 cm.
|
| 336 |
|
|
|a text
|b txt
|2 rdacontent
|
| 337 |
|
|
|a unmediated
|b n
|2 rdamedia
|
| 338 |
|
|
|a volume
|b nc
|2 rdacarrier
|
| 490 |
1 |
|
|a AIP conference proceedings,
|x 0094-243X ;
|v 1052
|
| 504 |
|
|
|a Includes bibliographical references and index.
|
| 650 |
|
0 |
|a Electric power systems
|x Control
|v Congresses.
|
| 650 |
|
0 |
|a Electric utilities
|x Management
|v Congresses.
|
| 700 |
1 |
|
|a Barsoum, Nader N.
|
| 700 |
1 |
|
|a Uatrongjit, Sermsak.
|
| 700 |
1 |
|
|a Vasant, Pandian.
|
| 830 |
|
0 |
|a AIP conference proceedings ;
|v no. 1052.
|
| 938 |
|
|
|a Baker and Taylor
|b BTCP
|n BK0007978512
|
| 938 |
|
|
|a YBP Library Services
|b YANK
|n 2892278
|
| 994 |
|
|
|a C0
|b TXA
|
| 948 |
|
|
|a cataloged
|b h
|c 2008/11/20
|d c
|e blrosas
|f 9:33:00 am
|
| 999 |
|
|
|a MARS
|
| 999 |
f |
f |
|s 7ead4b3e-c2ba-3af1-b0ab-bf55936f77df
|i 4b4ae899-1b31-3449-9a6e-11c70afe46f5
|t 0
|
| 952 |
f |
f |
|p ric
|a Texas A&M University
|b Rellis Campus
|c Joint Library Facility
|d Remote Storage
|t 0
|e TK1007 .I55 2008
|h Library of Congress classification
|i unmediated -- volume
|m A14837527886
|
| 998 |
f |
f |
|a TK1007 .I55 2008
|t 0
|l Remote Storage
|